Statistics for Asian Geography A-Z

Click here to take the quiz!

General Stats

  • This quiz has been taken 43 times
    (26 since last reset)
  • The average score is 15 of 26

Answer Stats

Clue Answer % Correct
LIts capital is BeirutLebanon
100%
HPart of the U.K. until 1997,
now China owns it
Hong Kong
100%
GWest part of PalestineGaza Strip
94%
JNagoya, Kawasaki, OkinawaJapan
94%
IPeninsula of Myanmar and VietnamIndochina
89%
CLargest city of Sri LankaColombo
83%
ALandmark on the Cambodian flagAngkor Wat
78%
VMajor Russian portVladivostok
78%
PResort island in ThailandPhuket
72%
MRegion between the Tigris and EuphratesMesopotamia
72%
OJebel Shams is this country's highest pointOman
67%
XKnwon for its Terracotta WarriorsXi'an
67%
TCapital of BhutanThimphu
67%
RMajor city near IslamabadRawalpindi
56%
UMost populous state of IndiaUttar Pradesh
50%
FLargest city on the island of KyushuFukuoka
50%
DSaudi port near BahrainDammam
44%
SLargest island of YemenSocotra
44%
BLargest lake entirely in KazakhstanBalkhash
39%
ECapital of Iraqi KuristanErbil
39%
ZMountain range of western IranZagros
33%
KIndonesian name for BorneoKalimantan
28%
WSkinny area of eastern AfghanistanWakhan Corridor
28%
NLarge exclave of AzerbaijanNakhchivan
28%
QLargest island in Iran and the Persian GulfQeshm
22%
YLargest lake in KyrgyzstanYssk-Kul
6%

Score Distribution

Percentile by Number Answered

Percent of People with Each Score

Your Score History

You have not taken this quiz since the last reset